La educación moral (Record no. 181126)

MARC details
000 -LEADER
campo de control de longitud fija 01113nam a22002171i 4500
001 - NÚMERO DE CONTROL
campo de control 181126
003 - IDENTIFICADOR DE NÚMERO DE CONTROL
campo de control ES-MaACL
005 - FECHA Y HORA DE LA ÚLTIMA TRANSACCIÓN
campo de control 20250925063048.0
008 - DATOS DE LONGITUD FIJA--INFORMACIÓN GENERAL
campo de control de longitud fija 121023s1909 sp |||| | spa d
100 1# - ENTRADA PRINCIPAL--NOMBRE DE PERSONA
Nombre de persona Sanz y Escartín, Eduardo,
Fechas asociadas al nombre 1855-1939
9 (RLIN) 103695
245 13 - MENCIÓN DEL TÍTULO
Título La educación moral
Resto del título : memoria escrita por Eduardo Sanz y Escartín en el Primer Congreso Internacional de Educación Moral celebrado en Londres en septiembre de 1908.
260 ## - PUBLICACIÓN, DISTRIBUCIÓN, ETC.
Lugar de publicación, distribución, etc. [Madrid] :
Nombre del editor, distribuidor, etc. Junta para Ampliación de Estudios e Investigaciones Científicos,
Fecha de publicación, distribución, etc. 1909.
300 ## - DESCRIPCIÓN FÍSICA
Extensión 60 p. ;
Dimensiones 23 cm.
490 1# - MENCIÓN DE SERIE
Mención de serie Anales de la Junta para Ampliación de Estudios e Investigaciones Científicos ;
Designación de volumen o secuencia T. 1, memoria 1
650 07 - PUNTO DE ACCESO ADICIONAL DE MATERIA--TÉRMINO DE MATERIA
Término de materia o nombre geográfico como elemento de entrada Educación moral
Fuente del encabezamiento o término embne
9 (RLIN) 12115
710 2# - ENTRADA AGREGADA--NOMBRE DE ENTIDAD CORPORATIVA
Nombre de entidad corporativa o nombre de jurisdicción como elemento de entrada Junta para la Ampliación de Estudios e Investigaciones Científicas.
9 (RLIN) 5413
711 2# - ENTRADA AGREGADA--NOMBRE DE REUNIÓN
Nombre de congreso/reunión o jurisdicción como elemento de entrada Congreso Internacional de Educación Moral (
Número del congreso/reunión o número de parte o sección 1º.
Fecha del congreso o de la firma del tratado 1908.
Sede del congreso/Lugar de la reunión Londres)
9 (RLIN) 151696
830 0# - PUNTO DE ACCESO ADICIONAL DE SERIE-TÍTULO UNIFORME
Título uniforme Anales de la Junta para Ampliación de Estudios e Investigaciones Científicos ;
Designación de volumen o secuencia T. 1, memoria 1
9 (RLIN) 224700
852 ## - LOCALIZACIÓN
Ubicación ES-MaACL
Número de control de estantería B-13157(1)
Holdings
Estatus retirado Estado de pérdida Estado de daño No para préstamo Biblioteca de origen Biblioteca actual Ubicación en estantería Fecha de adquisición Fuente de adquisición Total de préstamos Signatura topográfica completa Código de barras Visto por última vez Precio de reemplazo Tipo de ítem Koha
        Biblioteca del Ateneo de Madrid Biblioteca del Ateneo de Madrid Sala Pardo Bazán 23/10/2012     B-13157(1) 1190337 23/02/2023 23/02/2023 Libro impreso